Statistics for Berlin Conference Flags

Click here to take the quiz!

General Stats

  • This quiz has been taken 714 times
  • The average score is 13 of 14

Answer Stats

Answer% Correct
Belgium
99%
France
99%
Spain
99%
United Kingdom
99%
United States
99%
Denmark
98%
Netherlands
98%
Russia
98%
Italy
95%
Germany
92%
Sweden - Norway
92%
Ottoman Empire
87%
Portugal
83%
Austria-Hungary
80%

Score Distribution

Percentile by Number Answered

Percent of People with Each Score

Your Score History

You have not taken this quiz